• 首页
  • 本馆介绍
  • 公告通知
  • 最新文献
  • 馆藏检索
  • 电子资源
  • 读者导购
  • 参考咨询
  • 我的图书馆
  • 登录
  • 详细信息显示
  • 放入我的书架
  • 预约/预借图书
  • 作者相关作品
  • 分类相关作品
  • 丛书相关作品
  • 出版社相关作品

书目信息

  • 表格格式
  • 工作单格式
  • 卡片格式
题名:
园艺产品贮藏加工学.加工篇
    
 
作者: 罗云波 蔡同
分册:  
出版信息: 北京   中国农业大学出版社  2001
页数: 278
开本: 23cm
丛书名:
单 册:
中图分类: S609
科图分类:
主题词: 园艺
电子资源:
ISBN: 7-81066-311-3
000 00558nam0 2200181 450
001 0741144344
005 20070817112544.34
010    @a7-81066-311-3@d¥25.00
100    @a20070817d km y0chiy0120 ea
101 0  @achi
200 1  @a园艺产品贮藏加工学.加工篇@Ayuan yi chan pin zhu cang jia gong xue.jia gong pian@f罗云波 蔡同@Fluo yun bo cai tong
210    @a北京@c中国农业大学出版社@d2001
215    @a278@d23cm
606 0  @a园艺
690    @aS609@v3
701  0 @a罗云波 蔡同@Aluo yun bo cai tong
801  0 @aCN@bPFT@c20070817
905    @a213230@dS609@en4@f1
    
    园艺产品贮藏加工学.加工篇/罗云波 蔡同.-北京:中国农业大学出版社,2001
    278;23cm
    
    
    ISBN 7-81066-311-3:¥25.00
    
●
相关链接 在E读中查询图书 在五车中查询图书 在当当中查询图书 在豆瓣中查询图书


正题名:园艺产品贮藏加工学·加工篇     索取号:S609/n4         预约/预借

序号 登录号 条形码 馆藏地/架位号 状态 备注
1 6601131   266011317   密集书库-生命科学系/ [索取号:S609/n4] 在馆    
唐山师范学院图书馆 欢迎您!
大连网信软件有限公司© 版权所有